La Empresa naviera multinacional del Caribe, S.A. (NAMUCAR) /
Salvato in:
| Autore principale: | |
|---|---|
| Natura: | testo |
| Tags: |
Aggiungi Tag
Nessun Tag, puoi essere il primo ad aggiungerne!!
|
MARC
| LEADER | 00000 a a2200000 04500 | ||
|---|---|---|---|
| 001 | 5587 | ||
| 003 | |||
| 040 | |||
| 100 | |a Salgado y Salgado, José Eusebio | ||
| 245 | |a La Empresa naviera multinacional del Caribe, S.A. (NAMUCAR) / |c José Eusebio Salgado y Salgado | ||
| 773 | |g número 5; páginas 69-110 | ||
| 999 | |c 32548 |d 32548 | ||
